Mot mystérieux - Série 44 - Statistiques

Statistiques générales
  • Ce quiz a été pris 146 fois
  • Le résultat moyen est 5 sur 10
Statistiques - réponses
Indices Mot % Correct
russe - cire - porcelaine - barbie poupée
95%
Baudelaire - Peguy - Martel - Trenet Charles
89%
maitre - mariage - tenue - baptême cérémonie
60%
diamants - souterraine - poisson - salée riviere
54%
cheval - union - caractère - crayon trait
51%
Nevers - pluie - foin - bruit botte
43%
lait - poussière - fumée - pollution nuage
41%
honneur - évangile - moulin - temps parole
20%
pied - caillou - ville - clou chaussure
17%
fruits - légumes - riz - panier salade
10%
Aucun quiz correspondant
Distribution des résultats
% des personnes avec chaque résultat
Percentile par nombre de réponses
Votre historique - résultats
Vous n’avez pas pris ce quiz